Multikulturní týmy obohacují firmy i komunity

Pozitívny príklad multikultúrnej firmy.

Guardado en:
Detalles Bibliográficos
Autor principal: Červenková, Alena
Formato: Capítulo de libro
Lenguaje:checo
Materias:
Etiquetas: Agregar Etiqueta
Sin Etiquetas, Sea el primero en etiquetar este registro!

MARC

LEADER 00000naa a2200000 4500
001 0190952
005 20240417075046.7
041 0 |a cze 
044 |a CZ 
245 1 0 |a Multikulturní týmy obohacují firmy i komunity  |c Alena Červenková 
520 |a Pozitívny príklad multikultúrnej firmy. 
610 2 0 |a firmy 
610 2 0 |a multikulturalizmus 
610 2 0 |a tímy pracovné 
100 1 |a Červenková, Alena